000 00712nam a22002177a 4500
008 150519b xxu||||| |||| 00| 0 eng d
020 _a9780073380407
020 _a0073380407
041 0 _aeng
080 _a537.1
100 _aCarlson, A. Bruce,
_d1937-
245 0 0 _aCommunication systems :
_cA. Bruce Carlson, Paul B. Crilly.
260 _aBoston :
_bMcGraw-Hill Higher Education,
_cc2010.
300 _a924 f
_bme il
_c24 cm.
500 _aIncludes index.
650 0 _aSignal theory (Telecommunication)
650 0 _aModulation (Electronics)
650 0 _aDigital communications.
700 _aCrilly, Paul B.
942 _2udc
_cBK
999 _c824
_d824